Analýza ekonomiky výroby vybraných druhov zeleniny v SR a ich konkurencieschopnosti na trhoch EÚ
Hodnotenie ekonomiky vybraných druhov zeleniny, kapusty a mrkvy, ktoré majú najväčší podiel na domácej produkcii. Vlastné náklady. Zahraničný obchod s EÚ, konkurencieschopnosť, obchodná bilancia. Použitie indexu RCA /ukazovateľ komparatívnych výhod/.
Salvato in:
| Autore principale: | |
|---|---|
| Natura: | Capitolo di libro |
| Lingua: | slovacco |
| Soggetti: | |
| Tags: |
Nessun Tag, puoi essere il primo ad aggiungerne!!
|
MARC
| LEADER | 00000naa$a2200000$$$4500 | ||
|---|---|---|---|
| 001 | 0004046 | ||
| 005 | 20231004074643.5 | ||
| 041 | 0 | |a slo | |
| 044 | |a SK | ||
| 245 | 1 | 0 | |a Analýza ekonomiky výroby vybraných druhov zeleniny v SR a ich konkurencieschopnosti na trhoch EÚ |c aut. Bohumil Červeň |
| 520 | |a Hodnotenie ekonomiky vybraných druhov zeleniny, kapusty a mrkvy, ktoré majú najväčší podiel na domácej produkcii. Vlastné náklady. Zahraničný obchod s EÚ, konkurencieschopnosť, obchodná bilancia. Použitie indexu RCA /ukazovateľ komparatívnych výhod/. | ||
| 610 | 2 | 0 | |a zelenina |
| 610 | 2 | 0 | |a výroba poľnohospodárska |
| 610 | 2 | 0 | |a náklady |
| 610 | 2 | 0 | |a obchod zahraničný |
| 610 | 2 | 0 | |a Slovensko |
| 610 | 2 | 0 | |a Európska únia |
| 610 | 2 | 0 | |a konkurencieschopnosť |
| 100 | 1 | |a Červeň, Bohumil | |